[Event "Manila Pichay Cup 4th"]
[Site "Manila"]
[Date "2008.09.16"]
[Round "4"]
[White "Secopito, Catherine"]
[Black "Fernandez, Ernesto"]
[Result "0-1"]
[WhiteElo "2212"]
[BlackElo "2398"]
[PlyCount "148"]
[EventDate "2008.09.14"]
[EventType "swiss"]
[EventRounds "9"]
[EventCountry "PHI"]
[SourceTitle "CBM 126 Extra"]
[Source "ChessBase"]
[SourceDate "2008.11.05"]
[SourceVersion "1"]
[SourceVersionDate "2008.11.05"]
[SourceQuality "1"]

1. d4 d5 2. c4 e6 3. Nc3 Nf6 4. Nf3 Be7 5. g3 0-0 6. Bg2 b6 7. 0-0 Bb7 8. Ne5 a6 9. b3 Nbd7 10. Bb2 c6 11. Nd3 Rb8 12. e4 dxe4 13. Nxe4 Nxe4 14. Bxe4 Nf6 15. Bg2 Qc7 16. Qe2 Rbd8 17. Rad1 Rfe8 18. Rfe1 b5 19. c5 a5 20. Ne5 Bf8 21. Bc1 Nd5 22. Qf3 f6 23. Ng4 Qf7 24. h4 b4 25. Bb2 Ra8 26. Bf1 Ba6 27. Bc4 a4 28. Ne3 a3 29. Bc1 Bxc4 30. Nxc4 Rab8 31. Bf4 Rbd8 32. Rc1 e5 33. dxe5 Bxc5 34. Bd2 Bf8 35. Na5 c5 36. Nc4 fxe5 37. Nxe5 Qxf3 38. Nxf3 h6 39. Kf1 Nf6 40. Rc4 Rxe1+ 41. Kxe1 Re8+ 42. Kd1 Ne4 43. Be1 Bd6 44. Ng1 Nf6 45. Ne2 Nd5 46. Kd2 Kf7 47. Kd3 Nf6 48. Rc2 Ke6 49. Bd2 Kd5 50. Nf4+ Bxf4 51. Bxf4 Rc8 52. Bd2 h5 53. f3 Rf8 54. Bf4 g6 55. Rc1 Re8 56. Bd2 Nd7 57. Bf4 Re7 58. Rd1 Re6 59. Rc1 Kc6 60. g4 Kb5 61. Rc2 Re1 62. Be3 Ne5+ 63. Ke4 c4 64. gxh5 gxh5 65. Kf4 Nd3+ 66. Ke4 Nb2 67. bxc4+ Nxc4 68. Kd4 Nxe3 69. Rc5+ Ka4 70. Rxh5 b3 71. axb3+ Kb4 72. Rh8 Nc2+ 73. Kd3 a2 74. Rb8+ Kc5 0-1

[Event "Manila Pichay Cup 4th"]
[Site "Manila"]
[Date "2008.09.15"]
[Round "3"]
[White "Fernandez, Ernesto"]
[Black "Shanava, Konstantine"]
[Result "0-1"]
[WhiteElo "2398"]
[BlackElo "2522"]
[PlyCount "114"]
[EventDate "2008.09.14"]
[EventType "swiss"]
[EventRounds "9"]
[EventCountry "PHI"]
[SourceTitle "CBM 126 Extra"]
[Source "ChessBase"]
[SourceDate "2008.11.05"]
[SourceVersion "1"]
[SourceVersionDate "2008.11.05"]
[SourceQuality "1"]

1. e4 c5 2. Nf3 d6 3. d4 cxd4 4. Nxd4 Nf6 5. Nc3 g6 6. Be2 Bg7 7. Be3 Nc6 8. 0-0 0-0 9. h3 Bd7 10. Qd2 Rc8 11. Nb3 a5 12. a3 a4 13. Nd4 Na5 14. f4 Nc4 15. Bxc4 Rxc4 16. Qd3 Rc5 17. Rad1 Qa5 18. b4 axb3 19. Nxb3 Qxc3 20. Nxc5 Qxd3 21. Nxd3 Nxe4 22. Rb1 b5 23. Kh2 Nc3 24. Rbe1 Ra8 25. Bc1 Kf8 26. Bb2 Bc6 27. Nb4 Bb7 28. Re3 Rc8 29. Rfe1 e6 30. g4 d5 31. f5 d4 32. Bxc3 dxe3 33. Bxg7+ Kxg7 34. fxe6 fxe6 35. Rxe3 Kf6 36. Kg3 e5 37. c3 e4 38. Nc2 Ke5 39. Nd4 Bc6 40. Nf3+ Kf6 41. Nd4 Ke5 42. Nf3+ Kd6 43. Ng5 h6 44. Nf7+ Ke6 45. Nxh6 Ra8 46. Kf4 Rxa3 47. g5 Ra1 48. h4 Rh1 49. Kg3 Rg1+ 50. Kf4 Rf1+ 51. Kg3 Bb7 52. Kg2 Rd1 53. Kg3 Kd5 54. Ng4 Rd3 55. Kf4 Kc4 56. Ne5+ Kxc3 57. Nxd3 exd3 0-1